Alkohol na pracovisku

Alkohol na pracovisko určite nepatrí. Napriek tomu, že je to všetkým známe a má to byť samozrejmosť, môžeme sa v práci stretnúť s požívaním alkoholu priamo na pracovisku, alebo s príchodom zamestnanca do práce pod vplyvom alkoholu. Čo robiť v prípade, ak zamestnanec pod vplyvom alkoholu ohrozí svoje...

Ausführliche Beschreibung

Gespeichert in:
Bibliographische Detailangaben
1. Verfasser: Mrukviová Tomiová, Sandra
Format: Buchkapitel
Sprache:Slowakisch
Schlagworte:
Tags: Tag hinzufügen
Keine Tags, Fügen Sie das erste Tag hinzu!

MARC

LEADER 00000naa a2200000 4500
001 0300013
005 20240417075311.8
041 0 |a slo 
044 |a SK 
245 1 0 |a Alkohol na pracovisku  |c Sandra Mrukviová Tomiová 
520 |a Alkohol na pracovisko určite nepatrí. Napriek tomu, že je to všetkým známe a má to byť samozrejmosť, môžeme sa v práci stretnúť s požívaním alkoholu priamo na pracovisku, alebo s príchodom zamestnanca do práce pod vplyvom alkoholu. Čo robiť v prípade, ak zamestnanec pod vplyvom alkoholu ohrozí svoje zdravie alebo život a tiež zdravie alebo život kolegov, prípadne spôsobí škodu? 
610 2 0 |a zamestnanci 
610 2 0 |a zamestnávatelia 
610 2 0 |a pracovisko 
610 2 0 |a nápoje alkoholické 
610 2 0 |a disciplína pracovná 
610 2 0 |a čas pracovný 
610 2 0 |a skončenie pomeru pracovného 
610 2 0 |a ochrana zdravia 
610 2 0 |a zodpovednosť za škody 
610 2 0 |a zákony 
100 1 |a Mrukviová Tomiová, Sandra